000 00319nam a2200133Ia 4500
008 240624s9999 xx 000 0 und d
041 _aeng
082 _a920 YOG
100 _aYOGANANDA SRI SRI PARAMAHANSA
245 _aAUTOBIOGRAPHY OF A YOGI
260 _c2010
_aINDIA,2010
300 _a510 : p.
365 _cRS
_b25
999 _c22151
_d22151